000
00350nam a2200169Ia 4500
100
_a
Cox/Christopher
650
_a
UMTS
942
_c
RB
366
_f
25
654
_a
UMTS
245
_a
Essential of UMTS
260
_b
Cambride University press
_c
2008
082
_a
384
_b
COX
300
_a
240
546
_a
ENGLISH
_c
electronics
999
_c
21974
_d
21974